Normal view
MARC view
- AHMED ,SHEIKH ADEEL
Entry Personal Name
001 - CONTROL NUMBER
- control field: 122420
003 - CONTROL NUMBER IDENTIFIER
- control field: NUST
005 - DATE AND TIME OF LATEST TRANSACTION
- control field: 20240422154956.0
008 - FIXED-LENGTH DATA ELEMENTS
- fixed length control field: 240422|| aca||aabn | a|a d
040 ## - CATALOGING SOURCE
- Original cataloging agency: NUST
- Transcribing agency: NUST
100 ## - HEADING--PERSONAL NAME
- Personal name: AHMED ,SHEIKH ADEEL
670 ## - SOURCE DATA FOUND
- Source citation: Work cat.: (NUST): AHMED ,SHEIKH ADEEL , Learning to Recognize with few Examples (Few-Shot with Meta-Learning) /
